00281nam a2200121Ia 4500008004100000100001500041245003500056260002300091300000900114650001400123942000700137999001500144190216s9999||||xx |||||||||||||| ||und|| aBhatia B M 0aIndias Deeping Economic Crisis bS Chand & Coc1974 a215p aEconomics cBK c9429d9429